[Event "SVK-chT2B 2223"]
[Site "Slovakia"]
[Date "2023.03.26"]
[Round "11.7"]
[White "Babala, Martin"]
[Black "Rancso, Mark"]
[Result "1/2-1/2"]
[WhiteElo "1000"]
[BlackElo "1949"]
[PlyCount "78"]
[EventDate "2022.10.08"]
[EventType "team-tourn"]
[EventRounds "11"]
[EventCountry "SVK"]
[SourceTitle "EXT 2024"]
[Source "ChessBase"]
[SourceDate "2023.10.10"]
[SourceVersion "1"]
[SourceVersionDate "2023.10.10"]
[SourceQuality "1"]
[WhiteTeam "Topolcany II"]
[BlackTeam "Komarno II"]
[WhiteTeamCountry "SVK"]
[BlackTeamCountry "SVK"]

1. e4 e6 2. d4 d5 3. Nd2 dxe4 4. Nxe4 Bd7 5. Bf4 Bc6 6. Nd2 Qxd4 7. Bxc7 Bc5 8. Bg3 Qxb2 9. Ngf3 Bxf3 10. Nxf3 Bb4+ 11. Nd2 Nc6 12. Rb1 Bxd2+ 13. Kxd2 Qd4+ 14. Bd3 Qd7 15. Qg4 g6 16. Rhd1 Nf6 17. Qf3 Nd5 18. c4 Ndb4 19. Ke1 Qe7 20. Be4 Rd8 21. a3 f5 22. axb4 Rxd1+ 23. Rxd1 fxe4 24. Qxe4 Qxb4+ 25. Kf1 Qe7 26. Rd6 Kf7 27. Qf3+ Kg7 28. Qc3+ Kg8 29. Be5 h5 30. Rxc6 bxc6 31. Bxh8 Qd7 32. Qd4 Qb7 33. Ke2 c5 34. Qd8+ Kh7 35. Be5 Qe4+ 36. Kd2 Qxe5 37. Qe7+ Kh6 38. Qf8+ Kh7 39. Qe7+ Kh6 1/2-1/2

[Event "SVK-chT2B 2223"]
[Site "Slovakia"]
[Date "2022.10.09"]
[Round "2.8"]
[White "Babala, Martin"]
[Black "Galla, Richard"]
[Result "0-1"]
[WhiteElo "1000"]
[BlackElo "1653"]
[PlyCount "50"]
[EventDate "2022.10.08"]
[EventType "team-tourn"]
[EventRounds "11"]
[EventCountry "SVK"]
[SourceTitle "CBM 210 Extra"]
[Source "ChessBase"]
[SourceDate "2022.11.30"]
[SourceVersion "1"]
[SourceVersionDate "2022.11.30"]
[SourceQuality "1"]
[WhiteTeam "Topolcany II"]
[BlackTeam "Nove Zamky"]
[WhiteTeamCountry "SVK"]
[BlackTeamCountry "SVK"]

1. e4 e5 2. Nf3 Nc6 3. Bc4 f5 4. d4 fxe4 5. Nxe5 Nxe5 6. Qh5+ Ng6 7. Bg5 Be7 8. Bxg8 Rxg8 9. Qxh7 Kf7 10. Bxe7 Qxe7 11. Qh5 d6 12. Nc3 c6 13. 0-0 Rh8 14. Qe2 d5 15. f4 Qh4 16. g3 Qg4 17. Qe3 Nh4 18. Rf2 Nf5 19. Qe1 Nxd4 20. Kh1 Nf3 21. Qf1 Qxg3 22. Qe2 Bg4 23. Rg2 Qxf4 24. Rf1 Bh3 25. Nxe4 Bxg2+ 0-1

[Event "SVK-chT2B 2122"]
[Site "Slovakia"]
[Date "2022.05.01"]
[Round "11.7"]
[White "Babala, Martin"]
[Black "Novak, Milan2222"]
[Result "1-0"]
[WhiteElo "1000"]
[BlackElo "1429"]
[PlyCount "109"]
[EventDate "2021.10.16"]
[EventType "team-tourn"]
[EventRounds "11"]
[EventCountry "SVK"]
[SourceTitle "EXT 2023"]
[Source "ChessBase"]
[SourceDate "2022.10.05"]
[SourceVersion "1"]
[SourceVersionDate "2022.10.05"]
[SourceQuality "1"]
[WhiteTeam "Topolcany II"]
[BlackTeam "Surany"]
[WhiteTeamCountry "SVK"]
[BlackTeamCountry "SVK"]

1. e4 e5 2. Nf3 Nc6 3. Bc4 h6 4. d4 exd4 5. Nxd4 Nxd4 6. Qxd4 Qf6 7. e5 Qe7 8. 0-0 c6 9. a4 d5 10. exd6 Qxd6 11. Re1+ Be6 12. Qxd6 Bxd6 13. Bxe6 fxe6 14. Rxe6+ Kd7 15. Re1 Nf6 16. Nc3 Rae8 17. Bd2 Rxe1+ 18. Rxe1 Re8 19. Rxe8 Kxe8 20. h3 Kf7 21. Kf1 Ke6 22. Ke2 Be5 23. Kd3 a6 24. g4 g5 25. b3 b5 26. axb5 axb5 27. Ne4 Nd7 28. Bb4 Kd5 29. c4+ bxc4+ 30. bxc4+ Ke6 31. Nc5+ Nxc5+ 32. Bxc5 Bg7 33. Ke4 Kf7 34. Kf5 Bc3 35. Bd6 Bd4 36. f3 c5 37. Be5 Bf2 38. f4 gxf4 39. Bxf4 Kg7 40. Ke5 Kg6 41. Kd5 h5 42. gxh5+ Kxh5 43. Bd6 Kh4 44. Bxc5 Bg3 45. Bd4 Bc7 46. c5 Kxh3 47. Be5 Ba5 48. Kc4 Kg4 49. Kb5 Bd8 50. c6 Kf5 51. Bh2 Ke6 52. Ka6 Kd5 53. Kb7 Ba5 54. Bg1 Bd8 55. Bb6 1-0